000 00704nam a2200241Ia 4500
003 OSt
005 20221006142315.0
006 a|||||r|||| 00| 0
007 ta
008 221006b |||||||| |||| 00| 0 eng d
020 _cP35.00
024 _a6,021
037 _cTextual
040 _aEASL
_cEASL
_beng
041 _2eng
_aeng
082 _aY73(Q7).41, P0
100 _aGILLETTE Maris Boyd
_9647350
245 0 _aBetween Mecca and Beijing
_b Modernization and consumption among urban Chinese Muslims
260 _aStanford
_bStanford University Press
_c2000
300 _a279p.
_ccm.
942 _hY73(Q7).41, P0
_cTEXL
_2CC
999 _c1074107
_d1074107